000 01203nam a2200313 i 4500
003 EG-GICUC
005 20260429140449.0
008 260429s2021 ua aaaofr|||| 00| 0 ara d
040 _a EG-GICUC
_bara
_c EG-GICUC
_d EG-GICUC
_erda
041 _aara
082 0 4 _221
_a345.248
_bع ص . ن
092 0 4 _221
099 _aLaw1 07 345.248 ع ص . ن 2021
100 0 _a عصام الدين المنشاوي.
_eمؤلف.
245 1 2 _aالنيابة الإدارية :
_b حصن العدالة (بإرادة شعب)/
_cالمستشار عصام الدين المنشاوي.
264 1 _aالقاهرة :
_bالهيئة المصرية العامة للكتاب،
_c2021.
300 _a214 ؛صفحة
_c24 سم
336 _2rda content
_atext
337 _2rda media
_aComputer
338 _2rda carrier
_aOnline Resource
504 _aيشتمل على إرجاعات ببليوجرافية وكشاف.
546 _aالنص باللغة العربية
650 1 _aالقانون الإداري
_2qrmak
650 1 _aالنيابة الإدارية
651 1 _2qrmak
856 4 0 _uhttps://fll.law.cu.edu.eg/fulltext/bks/B07-04825.pdf
905 _a167
942 _2ddc
_cBK
_e21
_n0
999 _c74144
_d74144